000
00225 a2200097 4500
001
12969
100
_a
Gray,W.P
245
_a
Air Power Leadership: Theory and Practice
260
_a
_b
Royal Air Force
_c
090
_c
9967
_d
9967
942
_a
NUST-CAE
_c
M
_c
36896
999
_c
248042
_d
248042